Bloomsbury companion to Bertrand Russell (Record no. 1309126)

MARC details
000 -LEADER
fixed length control field 00789nam a22002417a 4500
005 - DATE AND TIME OF LATEST TRANSACTION
control field 20250417150616.0
008 - FIXED-LENGTH DATA ELEMENTS--GENERAL INFORMATION
fixed length control field 250417b |||||||| |||| 00| 0 eng d
020 ## - INTERNATIONAL STANDARD BOOK NUMBER
International Standard Book Number 978-1-3503-5603-0 (hbk)
037 ## - SOURCE OF ACQUISITION
Terms of availability TB
040 ## - CATALOGING SOURCE
Original cataloging agency CRL
Transcribing agency CRL
041 ## - LANGUAGE CODE
Source of code eng
Language code of text/sound track or separate title eng
084 ## - COLON CLASSIFICATION NUMBER
Classification number R3xM72:g R2
Assigning agency CRL
245 ## - TITLE STATEMENT
Title Bloomsbury companion to Bertrand Russell
260 ## - PUBLICATION, DISTRIBUTION, ETC.
Place of publication, distribution, etc. London, UK:
Name of publisher, distributor, etc. Bloomsbury Academic,
Date of publication, distribution, etc. 2022.
300 ## - PHYSICAL DESCRIPTION
Extent xviii, 428p.
365 ## - TRADE PRICE
Price amount UKP
Currency code 41.99
650 ## - SUBJECT ADDED ENTRY--TOPICAL TERM
Topical term or geographic name entry element Philosophy
650 ## - SUBJECT ADDED ENTRY--TOPICAL TERM
Topical term or geographic name entry element Russell, Bertrand
9 (RLIN) 752414
650 ## - SUBJECT ADDED ENTRY--TOPICAL TERM
Topical term or geographic name entry element Philosopher
700 ## - ADDED ENTRY--PERSONAL NAME
Personal name Wahl, Russell (Editor)
9 (RLIN) 752416
942 ## - ADDED ENTRY ELEMENTS (KOHA)
Source of classification or shelving scheme Colon Classification (CC)
Koha item type Textbook
Classification part R3xM72:g R2
Suppress in OPAC No

No items available.

Copyright @ Delhi University Library System